000 00339nam a2200145Ia 4500
005 20250406063909.0
008 240331s9999 xx 000 0 und d
082 _bSEN
_a894
100 _aSengaiaaliyan, K
245 0 _aAkkini
260 _aJaffna
_bDavid Ligory
_c1991
300 _a134 p .,
500 _aA Contemporary Novel
942 _cL
999 _c3982
_d3982